000 00247nam a22001217a 4500
040 _cHS
082 _a639
100 _aNA
245 _aBroodstock management and egg and larval quality
260 _aGermany
_bNA
_cNA
300 _a424
942 _cEK
999 _c9760
_d9760